| 000 | 00583nam a2200169 a 4500 | ||
|---|---|---|---|
| 001 | 000029024 | ||
| 005 | 20200930055301.0 | ||
| 008 | 110406s1993 dr a 000 0 spa d | ||
| 040 |
_aDO-SdBNP _bspa _cBNPHU |
||
| 100 | 1 |
_aArbaje, Maritza _955941 |
|
| 240 | 1 | 0 | _aKonsey pou evite maladi seksyel yo |
| 245 | 1 | 0 |
_aConsejo evitar las enfermedades del corazón y de la circulación / _cMaritza Arbaje ; traducción Beneco Enecia. |
| 260 |
_a[Santo Domingo] : _bServicios Gráficos Oriental, _c1993. |
||
| 300 |
_a47 p. ; _c28 cm. |
||
| 700 | 1 |
_aEnecia, Beneco _etr. _955942 |
|
| 049 | _aBNPD | ||
| 999 |
_c28516 _d28516 |
||